La política migratoria estadounidense y la Ley 187 (save our state S.O.S) /

Uloženo v:
Podrobná bibliografie
Hlavní autor: Roldán Dávila, Genoveva
Médium: Text
Témata:
Tagy: Přidat tag
Žádné tagy, Buďte první, kdo vytvoří štítek k tomuto záznamu!

MARC

LEADER 00000 a a2200000 04500
001 45912
003
040
090 |a REV0657 (77) 1995  
100 |a Roldán Dávila, Genoveva  
245 |a La política migratoria estadounidense y la Ley 187 (save our state S.O.S) /  |c Genoveva Roldán Dávila  
650 |a ESTADOS UNIDOS  
650 |a POLITICA MIGRATORIA  
773 |g número77 (1995), páginas 39-43  
999 |c 19653  |d 19653